00774 a2200217 4500020001500000024001800015082001000033090001500043100003900058245006900097250001200166260005300178300000800231500001400239505002200253600003900275942002300314999001900337952010000356952010000456 a8177581066 a9788177581065 a338.5 c5766d5766 aJehle, Geoffrey A.; Reny Philip J. aAdvanced Microeconomic TheorycGeoffrey A. JehlehPhilip J. Reny a2nd Ed. aNew Delhli, IndiabPearson Education, Inc.c2008 a543 apaperback tGeoffrey A. Jehle aGeoffrey A. Jehle, Philip, J. Reny aNBScBKk338.5 JEH c348166d348166 00104070aNLSbNLSd2013-08-28l2o338.5 JEHpNBS7599r2019-05-24s2019-03-06w2013-08-28yBK 00104070aNLSbNLSd2013-08-28l5o338.5 JEHpNBS8642r2021-03-18s2021-02-10w2013-08-28yBK